Arzach (Registo nº 6008)
[ vista simples ]
| 000 -Etiqueta do registo | |
|---|---|
| Valores | 01283cam a2200229 4500 |
| 010 ## - Número ISBN | |
| ISBN | 9724132250 |
| 021 ## - Número do Depósito Legal | |
| Número | 188974/02 |
| 100 ## - Dados gerais de processamento | |
| Dados gerais | 20211231d2003 me|y0pory5003 ba |
| 200 1# - Titulo e menção de responsabilidade | |
| Título próprio | Arzach |
| Primeira menção de responsabilidade | Moebius |
| Outras menções de responsabilidade | trad. João Figueiredo Silva |
| 210 #9 - Publicação | |
| Local de publicação | Porto |
| Nome do editor | Asa |
| Data de publicação | 2003 |
| 215 ## - Descrição física | |
| Paginação / Volumes | 60 p. |
| Outras indicações físicas | todo il. |
| 330 ## - Sumário ou Resumo | |
| Texto da nota | Jean Giraud surgiu, nos anos 70, como um verdadeiro inovador no campo da BD ao adoptar um pseudónimo e ao dedicar-se à exploração do vasto universo da investigação gráfica e narrativa. Investigação essa que culminou com a realização deste álbum. Nesta BD muda, com cores jamais vistas (em BD), Moebius passa de um traço preciso (característico de obras como as de Manara) a uma quase total ausência de linhas, o que se verifica nos seus trabalhos mais recentes. Combinando técnicas, sintetiza gravura e BD, projectando, sem restrições, as suas visões no papel. Passadas 3 décadas, permanecem a narrativa e as suas ilustrações com um cunho artístico magistral. |
| 606 ## - Nome comum usado como assunto | |
| ID Autoridade | 1862 |
| Palavra de ordem | Banda Desenhada |
| 675 ## - CDU | |
| Notação | 741 |
| Edição | BN |
| Língua | por |
| 675 ## - CDU | |
| Notação | 821.133.1-9"19/20" |
| Edição | BN |
| Língua | por |
| 700 ## - Autor principal (pessoa individual) | |
| Apelido | Moebius |
| ID Autoridade | 5193 |
| 702 ## - Autor secundário (pessoa individual) | |
| Apelido | Silva |
| Nome | João Miguel Figueiredo |
| ID Autoridade | 4051 |
| 801 ## - Fonte de origem | |
| País | PT |
| Agência | BMVN |
| Regras de catalogação | RPC |
| 830 ## - Notas gerais do catalogador | |
| Criado por | Inês Silva |
| Data de criação | 31/12/2021 |
| 990 ## - Elementos KOHA | |
| Tipo de documento | Livro |
| Situação do levantamento | Biblioteca de origem | Código de barras | Cota | Permissão de empréstimo | Tipo de documento | Forma de aquisição |
|---|---|---|---|---|---|---|
| Biblioteca Municipal de Vendas Novas | 100000028507 | BD MOE/ARZ | Livro |